000
00237nam a2200085Ia 4500
245
0
_a
Crossfire : [a Clone Wars novel]
100
_a
BISSON, Terry New York, 2003
_9
112497
942
_c
BK
008
210825s9999 xx 000 0 und d
999
_c
515994
_d
515993